| 000 | 01691nam a2200253Ia 4500 | ||
|---|---|---|---|
| 999 |
_c51680 _d51680 |
||
| 001 | 18671 | ||
| 003 | GE_BSU | ||
| 005 | 20210323142741.0 | ||
| 008 | 181216s2008||||ge |||||||||||||| ||g || | ||
| 040 | _cGE_BSU | ||
| 041 | _ageo | ||
| 080 | _a57 ბ-83 | ||
| 100 |
_aბოლქვაძე, გ. _910480 |
||
| 245 |
_aმარადმწვანე მაღალდეკორატიულ მცენარეთა ბიოეკოლოგიური თავისებურებანი ბათუმის ბოტანიკურ ბაღში / _cგ. ბოლქვაძე; მეცნ. ხელმძღვანელი მ. დავითაძე; ბათუმის შოთა რუსთაველის სახ-ფო უნ-ტი. |
||
| 250 | _aბათუმის შოთა რუსთაველის სახ-ფო უნ-ტი. | ||
| 264 |
_aბათუმი : _bბათუმის შოთა რუსთაველის სახ. უნ-ტი, _c2008. |
||
| 300 |
_a130 გვ.; _b30 სმ. |
||
| 653 | _aბიოლოგია | ||
| 653 | _aდისერტაცია | ||
| 653 | _aმარადმწვანე მაღალდეკორატიულ მცენარეთა ბიოეკოლოგიური თავისებურებანი ბათუმის ბოტანიკურ ბაღში | ||
| 700 |
_aდავითაძე, მ. _eმეცნ. ხელმძღვანელი _92491 |
||
| 710 |
_aბათუმის შოთა რუსთაველის სახ-ფო უნ-ტი. _910688 |
||
| 942 |
_cBK _2udc |
||